000 00324pam a2200157a 44500
008 230515b1999 xxu||||| |||| 00| 0 eng d
020 _aNULL
041 _aENG
082 _aNULL
100 _aAUSTEN J.
245 _aNORTHANGER ABBEY.
250 _a0
260 _aNULL
_bNULL
_c1999
300 _a257
650 _aNULL
999 _c476325
_d476325